Workbook of Human Anatomy (Vol.2) (Record no. 1698)

MARC details
000 -LEADER
Fixed length control field 00634nam a2200217Ia 4500
003 - CONTROL NUMBER IDENTIFIER
Control field IIN
005 - DATE AND TIME OF LATEST TRANSACTION
Control field 20250325130316.0
008 - FIXED-LENGTH DATA ELEMENTS--GENERAL INFORMATION
Fixed length control field 250325s9999 xx adc 001 0 eng d
040 ## - CATALOGING SOURCE
Original cataloging agency IIN
Language of cataloging English
082 ## - DEWEY DECIMAL CLASSIFICATION NUMBER
Classification number 611
Book Number CHA
100 1# - MAIN ENTRY--PERSONAL NAME
Personal name Sontakke, Yogesh
245 1# - TITLE STATEMENT
Title Workbook of Human Anatomy (Vol.2)
Sub title Lower Limb Abdomen and Pelvis
Statement of responsibility BD Chaurasia
246 ## - VARYING FORM OF TITLE
Title proper/short title BD Chaurasia's Human Anatomy
250 ## - EDITION STATEMENT
Edition statement 10th ed
260 ## - IMPRINT
Name of publisher CBS
Place of publication New Delhi
Date of publication 2025
300 ## - PHYSICAL DESCRIPTION
Page / Vol. No x, 102 p. / V.2
Other physical details col. ill.
500 ## - GENERAL NOTE
General note V.2: Lower Limb Abdomen and Pelvis
650 1# - SUBJECT ADDED ENTRY--TOPICAL TERM
Topical term Anatomy
General subdivision Human Anatomy
700 ## - ADDED ENTRY--PERSONAL NAME
Personal name Chaurasia, BD
942 ## - ADDED ENTRY ELEMENTS (KOHA)
Koha item type Books
Holdings
Withdrawn status Lost status Source of classification Damaged status Use restrictions Not for loan Collection code Home library Current library Shelving location Date acquired Total Checkouts Call number Accession number Date last seen Price effective from Koha item type
    Dewey Decimal Classification   Restricted Access   Purches Book(set price) IDEAL INSTITUTE OF NURSING IDEAL INSTITUTE OF NURSING General Stacks 11/03/2025   611 CHA 1810 25/03/2025 25/03/2025 Books
© Ideal Institute Of Nursing, All rights reserved.         Powered by Koha